| 000 | 00629nam a22001937a 4500 | ||
|---|---|---|---|
| 005 | 20230713052448.0 | ||
| 008 | 230713b |||||||| |||| 00| 0 eng d | ||
| 020 | _a978-971-9667-09-4 | ||
| 082 | _aFil. 651.75 D286 2019 | ||
| 100 |
_aDe Belen, Rustico T. _eauthor |
||
| 245 |
_aBusiness and technical writing / _cRustico T. De Belen, Arthur Reiner V. De Belen |
||
| 260 |
_aQuezon City: _bJobal Publishing House, _c2019 |
||
| 300 | _aiv, 158p. | ||
| 504 | _aIncludes bibliographies | ||
| 541 | _e7272 c.1, 7273 c.2 | ||
| 650 | _aBusiness letters | ||
| 650 | _aTechnical writing | ||
| 700 |
_aDe Belen, Arthur Reiner V. _eauthor |
||
| 999 |
_c2198 _d2198 |
||